| 000 | 00636nam a22001817a 4500 | ||
|---|---|---|---|
| 999 |
_c5116 _d5116 |
||
| 003 | DO-SdBHA | ||
| 005 | 20190207125750.0 | ||
| 008 | 190114b ||||| |||| 00| 0 spa d | ||
| 022 | _a978-0-85265-249-7 | ||
| 040 | _cDO-SdBJH | ||
| 082 |
_a070.92;920 _b H263m 2012 |
||
| 100 | _aHarding, Luke | ||
| 245 |
_aMafia State: how one reporter became an enemy of the brutal new Russia/ _c Luke Harding |
||
| 260 |
_aInglaterra, Londres : _bGuardianbooks , _c2012 |
||
| 300 | _a310 páginas | ||
| 650 |
_aPeriodismo _v Condiciones sociales _xPolítica y gobierno, 1991 _zRusia (Federación) |
||
| 942 |
_2ddc _cBK |
||